000 00388nam a22001457a 4500
003 OSt
008 240829b |||||||| |||| 00| 0 eng d
020 _a9789385755347
082 _a641.3009
_bSEF
100 _aSEN, Collection Taylor
245 _aFeasts and Fasts: A History of food in India
260 _aNew Delhi:
_bSpeaking Tiger Books,
_c2015.
300 _a349p.
942 _2ddc
_cBK
999 _c12895
_d12895